Delay Sports Kader 2025/26 - Statistiken

Allgemein
  • Dieses Quiz wurde 4 mal gespielt
  • Das Durchschnittsergebnis liegt bei 19 aus 41
Antwortstatistiken
Antwort % Korrekt
Niklas Jahn
100%
Sidney Friede
100%
Alieu Sawaneh
75%
Ali Wazneh
75%
Elias Nerlich
75%
Frederik Mittelstädt
75%
Michael Dada
75%
Pascal Brossmann
75%
Timo Schlitt
75%
Tim Sulmer
75%
Zulu Ernst
75%
Alexander Letz
50%
Eddie Udeoka
50%
Egzon Ismaili
50%
Florian Medrane
50%
Lukas Betz
50%
Lukas Rohana
50%
Marco Rademacher
50%
Maximilian Wiesel
50%
Michael Kyeremeh
50%
Panzu Ernesto
50%
Piet Kühn
50%
Robin Traboulsi
50%
Sky Vincent Tloczynski
50%
Ahmad Moussa
25%
Alper Aksoy
25%
Can Cakin
25%
Daniel Schäfer
25%
Deniz Kaan Hirik
25%
Dorian Fischer
25%
Fabian Dietrich
25%
Jakob Jodl
25%
Jeffrey Kaina
25%
Luca Incannova
25%
Mohammad Karim Mohamad
25%
Nadim Majed
25%
Ogün Bakiritas
25%
Orhan Yildirim
25%
Patryk Flilipiak
25%
Tobias Dünnhaupt
25%
Paul Beckmann
0%
Keine übereinstimmenden Quizze gefunden
Verteilung der Resultate
Anzahl Personen mit jedem Resultat
Perzentil nach korrekt beantworteten Fragen
Ihre Resultats-Entwicklung
Sie haben dieses Quiz noch nicht gespielt